Handbook on environmental laws Vol. 2: water laws, air laws and the environment (Record no. 691210)

MARC details
000 -LEADER
fixed length control field 00741nam a2200217Ia 4500
003 - CONTROL NUMBER IDENTIFIER
control field OSt
005 - DATE AND TIME OF LATEST TRANSACTION
control field 20250507162143.0
008 - FIXED-LENGTH DATA ELEMENTS--GENERAL INFORMATION
fixed length control field 220926b |||||||| |||| 00| 0 eng d
020 ## - INTERNATIONAL STANDARD BOOK NUMBER
International Standard Book Number 8187162538
037 ## - SOURCE OF ACQUISITION
Terms of availability Reference Collections
040 ## - CATALOGING SOURCE
Original cataloging agency RTL
Transcribing agency RTL
Language of cataloging eng
041 ## - LANGUAGE CODE
Source of code eng
Language code of text/sound track or separate title eng
084 ## - COLON CLASSIFICATION NUMBER
Classification number U:(G:55):(Z).2.P, P2.2/NTI
Assigning agency RTL
100 ## - MAIN ENTRY--PERSONAL NAME
Personal name Upadhyay, Sanjay
9 (RLIN) 370957
245 #0 - TITLE STATEMENT
Title Handbook on environmental laws Vol. 2: water laws, air laws and the environment
260 ## - PUBLICATION, DISTRIBUTION, ETC.
Place of publication, distribution, etc. New Delhi
Name of publisher, distributor, etc. Lexis Nexis
Date of publication, distribution, etc. 2002
300 ## - PHYSICAL DESCRIPTION
Extent xiv, 731 p. :ill.
Dimensions cm.
Other physical details Includes reference and index
700 ## - ADDED ENTRY--PERSONAL NAME
Personal name Upadhyay, Videh
9 (RLIN) 370958
942 ## - ADDED ENTRY ELEMENTS (KOHA)
Classification part U:(G:55):(Z).2.P, P2.2/NTI
Koha item type Textbook
Source of classification or shelving scheme Colon Classification (CC)
Suppress in OPAC No
Holdings
Withdrawn status Lost status Source of classification or shelving scheme Damaged status Not for loan Home library Current library Shelving location Date acquired Total Checkouts Full call number Barcode Date last seen Price effective from Koha item type
    Colon Classification (CC)     Ratan Tata Library Ratan Tata Library Staff Office 2022-09-27   U:(G:55):(Z).2.P P2.2/NTI RT1146868 2022-09-27 2022-09-27  
Copyright @ Delhi University Library System